000 01306cad a22002295a 4500
001 L146863
008 090304s2009 xxkd f s 000 0 eng d
035 _a(Sirsi) u146863
041 0 _aeng
050 0 4 _a332.33 $2 18
110 2 _aJones Lang LaSalle
_93755
245 0 0 _aMiddle Kingdom transparency
_breal estate transparency in China
_h[electronic resource]
260 _aLondon
_bJLL
_c2008
520 _aReveals that China is classified as a Semi Transparent market, ranking 49th out of 82 worldwide markets, according to the Jones Lang LaSalle Transparency Survey for 2008. Finds that globalisation is the main driving force behind this improvement, but that there is a wide variance in transparency in China's secondary and tertiary cities. Concludes that many emerging markets have improved their levels of real estate transparency, and that China has made the greatest improvement in the Asia Pacific region over the past two years. Anticipates further improvements.
521 _aAdvanced
590 _aKA
650 2 4 _aJONES LANG LASALLE REAL ESTATE TRANSPARENCY INDEX
651 4 _aChina
690 _aPROPERTY-COMMERCIAL PROPERTY-COMMERCIAL PROPERTY MARKET
856 4 0 _uhttps://www.joneslanglasalle.com
_zView the report free of charge at www.joneslanglasalle.com...
942 _n0
999 _c109321
_d109321